| 000 | 01188nam a22004097a 4500 | ||
|---|---|---|---|
| 001 | BR7406141 | ||
| 003 | BR-BrBNA | ||
| 005 | 20230928084635.0 | ||
| 007 | ta | ||
| 008 | 230509b bl.||||| |||| 00| 0 por d | ||
| 040 |
_aBR-BrBNA _bpor _cBiblioteca Nacional de Agricultura |
||
| 041 | _a(Por) | ||
| 072 |
_aF25; E30 _b0120 _b1410 _b0332 _b0336 _b0180 _b0430 _b3801 _b/G514 |
||
| 090 | _ 0120 BR7406141 | ||
| 110 | 1 |
_aBanco Nacional de Desenvolvimento Economico, Brasilia, DF (Brasil); _91209 |
|
| 110 | 1 |
_aAssociacao Nacional para Difusao de Adubos, Sao Paulo, SP (Brasil) _9687 |
|
| 245 | 1 |
_aResposta a ensaios de adubacao na regiao Centro-Sul [Brasil] _bProjeto BNDE/ANDA |
|
| 260 | 3 |
_aBrasilia, DF (Brasil): _c1974. |
|
| 300 | _a150 p. | ||
| 650 | _aMILHO | ||
| 650 | _aFEIJAO | ||
| 650 | _aAMENDOIM | ||
| 650 | _aSOJA | ||
| 650 | _aTRIGO | ||
| 650 | _aALGODAO | ||
| 650 | _aADUBACAO | ||
| 650 | _aPROJETO AGRICOLA | ||
| 650 | _aFERTILIZANTE | ||
| 650 | _aANALISE QUANTITATIVA | ||
| 650 | _aCUSTO | ||
| 650 | _aMINAS GERAIS | ||
| 650 | _aSAO PAULO | ||
| 650 | _aPARANA | ||
| 650 | _aRIO GRANDE DO SUL | ||
| 909 |
_a202309 _bLucia _c55 _dLucia Elande |
||
| 942 | _cBK | ||
| 999 |
_c20227 _d20227 |
||